Statistics for Obscure towns and countries

Click here to take the quiz!

General Stats

  • This quiz has been taken 10 times
  • The average score is 9 of 20

Answer Stats

City/TownCountry% Correct
PaphosCyprus
88%
Povoação VelhaCape Verde
75%
KlaipėdaLithuania
75%
KororPalau
63%
CeljeSlovenia
63%
El Pas de la CasaAndorra
50%
Muang ChampassakLaos
50%
NouadhibouMauritania
50%
BukharaUzbekistan
50%
StepanavanArmenia
38%
DjougouBenin
38%
KarakolKyrgyzstan
38%
BaalbekLebanon
38%
LusailQatar
38%
RuhengeriRwanda
38%
KhasabOman
25%
North SoundAntigua and Barbuda
13%
HellspoortLesotho
13%
ZanderijSuriname
13%
Madina Fula KundaThe Gambia
13%

Score Distribution

Percentile by Number Answered

Percent of People with Each Score

Your Score History

You have not taken this quiz